书目信息 |
| 题名: |
新编英语辨异词典
|
|
| 作者: | 李德荣 编著 | |
| 分册: | ||
| 出版信息: | 上海 上海远东出版社 1996.12 |
|
| 页数: | 432页 | |
| 开本: | 64开 | |
| 丛书名: | ||
| 单 册: | ||
| 中图分类: | H313.2 | |
| 科图分类: | ||
| 主题词: | 英语 | |
| 电子资源: | ||
| ISBN: | 7-80613-121-3 | |
| 000 | 00553nam0 2200193 45 | |
| 001 | 0008111058 | |
| 005 | 20000917100802.2 | |
| 010 | @a7-80613-121-3@d12.00元 | |
| 100 | @a20000811d1996 km y0chiy0120 ea | |
| 101 | 0 | @achi |
| 105 | @a z 000yy | |
| 200 | 1 | @a新编英语辨异词典@AXin Bian Ying Yu Bian Yi Ci Dian@f李德荣 编著@FLi De Rong Bian Zhu |
| 210 | @a上海@c上海远东出版社@d1996.12 | |
| 215 | @a432页@d64开 | |
| 606 | 0 | @a英语 |
| 690 | @aH313.2@v3 | |
| 701 | 0 | @a李德荣@4编著 |
| 801 | @aCN@bPftUser@c20000811 | |
| 905 | @dH313.2@eL728@b146162-164@f3 | |
| 新编英语辨异词典/李德荣 编著.-上海:上海远东出版社,1996.12 |
| 432页;64开 |
| ISBN 7-80613-121-3:12.00元 |
| ● |
| 相关链接 |
|
|
|
正题名:新编英语辨异词典
索取号:H313.2/L728
 
预约/预借
| 序号 | 登录号 | 条形码 | 馆藏地/架位号 | 状态 | 备注 |
| 1 | 146162 | 201461621 | 语言库209/209语言库 34排1列2层/ [索取号:H313.2/L728] | 在馆 | |
| 2 | 146163 | 201461630 | 语言库209/209语言库 34排1列2层/ [索取号:H313.2/L728] | 在馆 | |
| 3 | 146164 | 201461649 | 语言库209/209语言库 34排1列2层/ [索取号:H313.2/L728] | 在馆 |